Central Library OPAC University of Rajshahi

Methods in microbiology / (Record no. 72533)

MARC details
000 -LEADER
fixed length control field 00835nam a2200325 a 4500
001 - CONTROL NUMBER
control field 72533
003 - CONTROL NUMBER IDENTIFIER
rucl marc code BD-RjUL
005 - DATE AND TIME OF LATEST TRANSACTION
control field 20211209082255.0
008 - FIXED-LENGTH DATA ELEMENTS--GENERAL INFORMATION
fixed length control field 170520s1984 enkar 0 a0eng c
035 ## - SYSTEM CONTROL NUMBER
System control number (BD-RjUL)72751
040 ## - CATALOGING SOURCE
Original cataloging agency MUL
Language of cataloging eng
Transcribing agency MUL
Modifying agency BD-RjUL
041 ## - LANGUAGE CODE
Language code of text/sound track or separate title eng
060 00 - NATIONAL LIBRARY OF MEDICINE CALL NUMBER
Classification number W1
Item number ME9616CM
070 0# - NATIONAL AGRICULTURAL LIBRARY CALL NUMBER
Classification number QR58.N6
072 #0 - SUBJECT CATEGORY CODE
Subject category code X300
082 00 - DEWEY DECIMAL CLASSIFICATION NUMBER
Classification number 579
Edition number 23
Author mark and year MET 1984
245 00 - TITLE STATEMENT
Title Methods in microbiology /
Statement of responsibility, etc. T. Bergan
260 ## - PUBLICATION, DISTRIBUTION, ETC. (IMPRINT)
Place of publication, distribution, etc. New York :
Name of publisher, distributor, etc. Academic Press,
Date of publication, distribution, etc. 1984.
300 ## - PHYSICAL DESCRIPTION
Pagination v. :
Illustrations ill. ;
Size 23 cm.
321 ## - FORMER PUBLICATION FREQUENCY
Former publication frequency Irregular
500 ## - GENERAL NOTE
General note Includes index
505 ## - FORMATTED CONTENTS NOTE
Formatted contents note Vol. 14 -- , V. 15 --
650 #0 - SUBJECT ADDED ENTRY--TOPICAL TERM
Topical term or geographic name as entry element Microbiology
General subdivision Technique.
9 (RLIN) 214534
700 ## - ADDED ENTRY--PERSONAL NAME
Personal name Bergan, T
942 ## - ADDED ENTRY ELEMENTS (KOHA)
Source of classification or shelving scheme Dewey Decimal Classification
Koha item type Books
Holdings
Lost status Source of classification or shelving scheme Damaged status Not for loan Collection code Permanent Location Current Location Shelving location Date acquired Source of acquisition Cost, normal purchase price Total Checkouts Full call number Date last seen Copy number Koha item type
  Dewey Decimal Classification   Not For Loan Non-fiction Central Library, University of Rajshahi Central Library, University of Rajshahi Rare Book Section 08/07/1985 Tulip Enterprises 2125.00   579 MET V-15 1984 20/05/2017 C-1 Books
  Dewey Decimal Classification   Not For Loan Non-fiction Central Library, University of Rajshahi Central Library, University of Rajshahi Rare Book Section 08/07/1985 Tulip Enterprises 1836.00   579 MET V-14 1984 20/05/2017 C-1 Books